000 00319nam a22001337a 4500
008 240404b |||||||| |||| 00| 0 eng d
020 _a9781529022148
082 _a813.54
100 _aStell, Danielle.
245 _aThe High Notes:
_bA stare is Born
300 _a291 p.;
_c19.7 Cm.
942 _2ddc
999 _c9828
_d9829